| 000 | 00420nam a22001457a 4500 | ||
|---|---|---|---|
| 020 | _a9780300268294 | ||
| 040 | _cNUST | ||
| 082 |
_a006.3 _bSHA |
||
| 100 |
_aShadbolt, Nigel _9127883 |
||
| 245 |
_aAs IF Human: _bethics and artificial intelligence / _cNigel Shadbolt |
||
| 260 |
_aUK : _bYale University Press , _c2024. |
||
| 300 |
_a260p. ; _bHardbinding , _c23cm. |
||
| 700 |
_aHampson, Roger _9127884 |
||
| 942 |
_2ddc _cBK |
||
| 999 |
_c612897 _d612897 |
||